| 000 | 00836nam a22002651 4500 | ||
|---|---|---|---|
| 001 | 30090 | ||
| 003 | BD-RjUL | ||
| 005 | 20211209051517.0 | ||
| 008 | 140409s1962 enk 001 0 eng | ||
| 035 | _a(BD-RjUL)30175 | ||
| 035 | _a(OCoLC)192763 | ||
| 040 |
_aDLC _cODaWU _dOCoLC _dUk _dNGvP _dDLC _dBD-RjUL _beng |
||
| 041 | _aeng | ||
| 082 | 0 | 4 |
_223 _a152 _bAUS 1970 |
| 100 | 1 |
_aAustin, J. L. _d1911-1960 _92886 |
|
| 245 | 1 | 0 |
_aSense and sensibilia / _creconstructed from the manuscript notes by G. J. Warnock. |
| 260 |
_aLondon : _bOxford University Press, _c1962 [Reprinted 1970]. |
||
| 300 |
_aix, 144 p. ; _c19 cm. |
||
| 500 | _aIncludes index. | ||
| 650 | 0 |
_aPerception. _991499 |
|
| 650 | 0 |
_aKnowledge, Theory of. _991500 |
|
| 700 | 1 |
_aWarnock, G. J. _q(Geoffrey James), _d1923- _92889 |
|
| 942 |
_2ddc _cBK |
||
| 999 |
_c30090 _d30090 |
||